000 00467nam a2200145Ia 4500
008 100204s9999 xx 000 0 und d
082 _b11934
100 _aभावे पुरुषोत्तम भास्कर
245 _aअकुलिना
260 _b"रावजी प्रकाशन , डोंबिवली"
_c1989 4
300 _a160
630 _aअकुलिना
730 _aअकुलिना
942 _cBOOK
999 _c456370
_d456367